"東海顔"が乗り入れる鉄道駅 - Statistics

General Stats
  • This quiz has been taken 38 times
  • The average score is 127 of 250
Answer Stats
Answer % Correct
軽井沢
85%
長野
85%
上田
81%
糸魚川
81%
妙高高原
78%
福知山
78%
直江
78%
岩国
78%
下関
78%
富山
78%
直江津
78%
豊岡
74%
城崎温泉
74%
姫路
74%
上郡
74%
岡山
74%
倉敷
74%
福山
74%
尾道
74%
播州赤穂
74%
新山口
74%
宇部
74%
小野田
74%
高岡
74%
小諸
70%
篠ノ井
70%
相生
70%
東岡山
70%
新倉敷
70%
三原
70%
出雲市
70%
厚狭
70%
魚津
70%
上越妙高
70%
北長野
67%
豊野
67%
綾部
67%
糸崎
67%
茶屋町
67%
宇野
67%
総社
67%
備中高梁
67%
新見
67%
67%
徳山
67%
新下関
67%
幡生
67%
小杉
67%
滑川
67%
黒部
67%
市振
67%
和田山
63%
玄武洞
63%
西舞鶴
63%
東舞鶴
63%
英賀保
63%
網干
63%
竜野
63%
有年
63%
瀬戸
63%
東福山
63%
日生
63%
児島
63%
根雨
63%
伯耆大山
63%
米子
63%
安来
63%
松江
63%
宍道
63%
西出雲
63%
柳井
63%
防府
63%
呉羽
63%
東富山
63%
黒姫
59%
石原
59%
下夜久野
59%
上夜久野
59%
八鹿
59%
はりま勝原
59%
和気
59%
万富
59%
西川原・就実
59%
北長瀬
59%
笠岡
59%
大門
59%
西大寺
59%
備前西市
59%
妹尾
59%
清音
59%
備中神代
59%
玉造温泉
59%
南岩国
59%
由宇
59%
柳井港
59%
下松
59%
新富山口
59%
新井
59%
中軽井沢
56%
西上田
56%
テクノさかき
56%
安茂里
56%
三石
56%
熊山
56%
東尾道
56%
備前福河
56%
備前片上
56%
長船
56%
早島
56%
御代田
52%
坂城
52%
戸倉
52%
千曲
52%
川中島
52%
三才
52%
江原
52%
宮津
52%
吉永
52%
上道
52%
高島
52%
金光
52%
寒河
52%
生山
52%
東山公園
52%
東松江
52%
新南陽
52%
春日山
52%
二本木
52%
親不知
52%
田中
48%
大屋
48%
高津
48%
国府
48%
梅迫
48%
真倉
48%
大江
48%
庭瀬
48%
中庄
48%
西阿知
48%
里庄
48%
松永
48%
天和
48%
大元
48%
備中箕島
48%
府中
48%
通津
48%
櫛ヶ浜
48%
越中大門
48%
高田
48%
上川口
44%
養父
44%
淵垣
44%
荒河かしの木台
44%
備後赤坂
44%
西片上
44%
伊部
44%
木見
44%
上の町
44%
備前田井
44%
豪渓
44%
備中広瀬
44%
伯耆溝口
44%
藤生
44%
厚東
44%
小月
44%
信濃追分
41%
信濃国分寺
41%
屋代
41%
屋代高校前
41%
牟礼
41%
福知山市民病院口
41%
大江高校前
41%
鴨方
41%
久々原
41%
植松
41%
備中川面
41%
方谷
41%
石蟹
41%
上石見
41%
黒坂
41%
駅家
41%
神代
41%
田布施
41%
四辻
41%
埴生
41%
水橋
41%
関山
41%
青海
41%
平原
37%
今井
37%
梁瀬
37%
喜多
37%
伊里
37%
邑久
37%
大多羅
37%
美袋
37%
井倉
37%
新郷
37%
武庫
37%
江尾
37%
乃木
37%
来待
37%
神辺
37%
大畠
37%
島田
37%
戸田
37%
富海
37%
本由良
37%
長府
37%
南高田
37%
滋野
33%
八浜
33%
日羽
33%
木野山
33%
岸本
33%
荒島
33%
揖屋
33%
荘原
33%
備後本庄
33%
万能倉
33%
岩田
33%
福川
33%
大道
33%
嘉川
33%
大江山口内宮
30%
迫川
30%
古間
26%
26%
宮村
26%
香登
26%
大富
26%
彦崎
26%
備前片岡
26%
足立
26%
下天津
22%
公庄
22%
辛皮
22%
常山
22%
上菅
22%
横尾
22%
新市
22%
二俣
19%
湯田村
19%
道上
19%
近田
19%
戸手
19%
上戸手
19%
高木
19%
鵜飼
19%
No matching quizzes found
Score Distribution
Percent of People with Each Score
Percentile by Number Answered
Your Score History
You have not taken this quiz